مكتبة جامعة عجلون الوطنية

فهرس بحث المكتبة

اثر الادارة بالاهداف في تنمية الكفايات الادارية للعاملين لدى وزارة الزراعة الاردنية = Impact of Management by Objectives on Developing Administrative Competencies for Employees at the Jordanians Ministry of Agriculture / (Record no. 33593)

MARC details
000 -LEADER
fixed length control field 01165nam a22002057a 4500
003 - CONTROL NUMBER IDENTIFIER
control field JO-AjAnu
005 - DATE AND TIME OF LATEST TRANSACTION
control field 20240708124543.0
008 - FIXED-LENGTH DATA ELEMENTS--GENERAL INFORMATION
fixed length control field 240708b jo ||||| |||| 00| 0 ara d
040 ## - CATALOGING SOURCE
Original cataloging agency JO-AjAnu
Language of cataloging ara
Transcribing agency JO-AjAnu
Description conventions rda
041 ## - LANGUAGE CODE
Language code of text/sound track or separate title ara
Language code of original ara
050 ## - LIBRARY OF CONGRESS CALL NUMBER
Classification number HD38
Item number 2024
100 #1 - MAIN ENTRY--PERSONAL NAME
Personal name الذيب، ريما حسن هزاع
Relator term معد
9 (RLIN) 66086
245 #0 - TITLE STATEMENT
Title اثر الادارة بالاهداف في تنمية الكفايات الادارية للعاملين لدى وزارة الزراعة الاردنية = Impact of Management by Objectives on Developing Administrative Competencies for Employees at the Jordanians Ministry of Agriculture /
Statement of responsibility, etc. اعداد ريما حسن هزاع الذيب ؛ اشراف محمد عبد حسين الطائي
260 ## - PUBLICATION, DISTRIBUTION, ETC.
Date of publication, distribution, etc. 2024
300 ## - PHYSICAL DESCRIPTION
Extent 102 ورقة
500 ## - GENERAL NOTE
General note رسالة جامعية( رسالة ماجستير في ادارة الاعمال) جامعة عجلون الوطنية( عجلون، الاردن)، كلية الاعمال،2024.
650 70 - SUBJECT ADDED ENTRY--TOPICAL TERM
Topical term or geographic name entry element ادارة الاعمال- الادارة بالاهداف
9 (RLIN) 66088
700 #1 - ADDED ENTRY--PERSONAL NAME
Personal name الطائي، محمد عبد حسين
Relator term مشرف
9 (RLIN) 66089
942 ## - ADDED ENTRY ELEMENTS (KOHA)
Source of classification or shelving scheme Library of Congress Classification
Koha item type Thesis
Suppress in OPAC No
Holdings
Withdrawn status Lost status Source of classification or shelving scheme Damaged status Not for loan Home library Current library Date acquired Total Checkouts Full call number Barcode Date last seen Price effective from Koha item type
    Library of Congress Classification     مكتبة جامعة عجلون الوطنية مكتبة جامعة عجلون الوطنية 08/07/2024   HD38 2024 a29951 08/07/2024 08/07/2024 Thesis
    Library of Congress Classification     مكتبة جامعة عجلون الوطنية مكتبة جامعة عجلون الوطنية 08/07/2024   HD38 2024 a29950 08/07/2024 08/07/2024 Thesis